00797nam a2200217 i 4500001000300000100001800003245007000021260003500091300004000126490003900166500004000205504002200245650008500267830003300352020001500385040000800400041000800408080002400416008004100440856009800481bg1 aPABIS, Robert10aSpółka z ograniczoną odpowiedzialnością /cRobert Pabis. aWarszawa :bC. H. Beck,c2003. aXVIII, 759 s. ;c25 cm + +eCD-ROM.1 aPisma Spółek Handlowych ;vt. 3 aNa grzb. odmienna nazwa serii: PSH. aBibliogr. Indeks. 9aSpółki z ograniczoną odpowiedzialnościąxprawozPolskaystan na 2003 r. aPisma Spółek Handlowych ; a8372477868 cBPK0 apol a347.722(438)(083.2) s pl f |000 0 pol  uhttp://koha.tu.koszalin.pl/cgi-bin/koha/opac-detail.pl?biblionumber=43118yKatalog online BPK